Historia de Los Andes. Homenaje al Bicentenario de LOS ANDES (1791-1991)
I tiakina i:
| Ngā kaituhi matua: | , |
|---|---|
| Hōputu: | Pukapuka |
| Reo: | Pāniora |
| I whakaputaina: |
Los Andes, Chile.
Ediciones Junta de Adelanto de Los Andes
1989
|
| Ngā marau: | |
| Ngā Tūtohu: |
Tāpirihia he Tūtohu
Kāore He Tūtohu, Me noho koe te mea tuatahi ki te tūtohu i tēnei pūkete!
|
MARC
| LEADER | 00000cam a2200000 a 4500 | ||
|---|---|---|---|
| 001 | UCX8118 | ||
| 003 | CL-VaPUC | ||
| 005 | 20220119164552.0 | ||
| 008 | 940124e19890000CL |||||||||||||||||spa|d | ||
| 999 | |c 227728 |d 227726 | ||
| 040 | |c Pontificia Universidad Católica de Valparaíso | ||
| 082 | 0 | 4 | |a 983.242 MIR 1989 |2 21 |
| 100 | |a Miranda Araya, Héctor |e autor |9 325172 | ||
| 245 | 1 | 0 | |a Historia de Los Andes. |b Homenaje al Bicentenario de LOS ANDES (1791-1991) |
| 260 | |a Los Andes, Chile. |b Ediciones Junta de Adelanto de Los Andes |c 1989 | ||
| 300 | |a 316 páginas | ||
| 500 | |a Contiene 2 mapas plegables. | ||
| 500 | |a c.3 - Donación Prof. Ricardo Iglesias S. Memo HIS/005 - 26-8-2021 | ||
| 583 | |a last modification |c 20160715 09:05:28 |k Rodrigo Vera | ||
| 651 | |a Los Andes |z Chile |x Historia |y 1791-1991 |9 863099 | ||
| 700 | |a González Labbé, Raúl |e author |9 346322 | ||
| 852 | |a BIBCUR | ||
| 942 | |c BK |2 ddc | ||
| 945 | |d 19940124 00:00:00 |a aalvarez | ||
| 952 | |0 0 |1 0 |2 ddc |4 0 |6 983_242000000000000_MIR_1989 |7 0 |8 A |9 226932 |a BIBHIS |b BIBHIS |d 2019-11-15 |i 2961024 |l 1 |o 983.242 MIR 1989 |p 2961024 |r 2025-01-20 |s 2023-04-28 |t 1 |w 2019-11-15 |y BK |k HIS | ||
| 952 | |0 0 |1 0 |2 ddc |3 erb |4 0 |6 983_242000000000000_MIR_1989 |7 0 |8 A |9 226933 |a FDOHBE |b FDOHBE |e Huesbe Llanos, Marco Antonio, 1934- |i 5304024 |o 983.242 MIR 1989 |p 5304024 |r 2024-01-30 |t 2 |w 2019-11-15 |y BK |z Catalogado en:20160520 |k HBE | ||
| 952 | |0 0 |1 0 |2 ddc |4 0 |6 983_242000000000000_MIR_1989 |7 0 |8 A |9 578881 |a BIBHIS |b BIBHIS |d 2021-09-23 |i 5624045 |l 1 |o 983.242 MIR 1989 |p 5624045 |r 2025-01-20 |s 2024-08-05 |t 3 |w 2021-09-23 |y BK |k HIS | ||